| 000 | 01042nam a2200325Ia 4500 | ||
|---|---|---|---|
| 003 | OSt | ||
| 005 | 20221007122700.0 | ||
| 006 | a|||||r|||| 00| 0 | ||
| 007 | ta | ||
| 008 | 221006b |||||||| |||| 00| 0 eng d | ||
| 020 | _a9789380931890 (pbk) | ||
| 024 | _a154616 | ||
| 037 |
_b1397, 24/10/2011, Ashutosh Technical Books _cTextual |
||
| 040 |
_aPAPL _cPAPL _beng |
||
| 041 |
_2eng _aeng |
||
| 082 | _aCN26, L2;Q1-;12 Carpa | ||
| 100 |
_aParthia R K _9714887 |
||
| 245 | 0 |
_aStatistical mechanics _b Beale Paul D |
|
| 250 | _a3 | ||
| 260 |
_aAmsterdam _bCUP _c2011 |
||
| 300 |
_axxvi; 718p. _ccm. |
||
| 500 | _aAppendices 653-686p.; Bibliography 687-706p.; Index 707-718p. | ||
| 650 |
_a Computer simulations _9714888 |
||
| 650 | _a Quantum statistics | ||
| 650 | _a Statistical mechanics | ||
| 650 | _aPhysics | ||
| 700 | _a Beale Paul D | ||
| 942 |
_hCN26, L2;Q1-;12 Carpa _cTEXL _2CC |
||
| 999 |
_c1210763 _d1210763 |
||